| 000 | 00775nam a22001697a 4500 | ||
|---|---|---|---|
| 005 | 20241007141039.0 | ||
| 008 | 230721b ||||| |||| 00| 0 eng d | ||
| 040 |
_cSSBUL _dSSBUL |
||
| 082 |
_223 _a၈၉၅.၈၄ ရွှေ _b၁၅၉၈၇(၁) S-SAT |
||
| 100 | 0 |
_aရွှေဒုံးဘီအောင် _954920 |
|
| 245 | 1 |
_aကိုယ်တော့်ကရုဏာ / _cရွှေဒုံးဘီအောင်။ |
|
| 260 |
_a[ရန်ကုန်] ၊ _bသွေးသောက်မဂ္ဂဇင်း၊ _c၁၉၅၃။ |
||
| 300 |
_a၁၁၈ စာမျက်နှာ၊ _c၁၈ စင်တီ။ |
||
| 500 | _aS-SAT: Dr. Sai Aung Tun | ||
| 650 |
_aဗုဒ္ဓဘာသာ _vဆောင်းပါး။ _99185 |
||
| 942 |
_2ddc _cBK1 |
||
| 999 |
_c27380 _d27380 |
||